[Event "III Copa Roggio A"]
[Site "Asuncion PAR"]
[Date "2010.05.20"]
[Round "1"]
[White "Kropff,R"]
[Black "Rodriguez Vila,A"]
[Result "0-1"]
[WhiteElo "2300"]
[BlackElo "2502"]
[EventDate "2010.05.20"]

1. Nf3 f5 2. g3 Nf6 3. Bg2 d6 4. d4 g6 5. O-O Bg7 6. b4 O-O 7. Bb2 Qe8 8.
c4 a5 9. a3 axb4 10. axb4 Rxa1 11. Bxa1 Ng4 12. h3 Nh6 13. Nbd2 e5 14. dxe5
dxe5 15. e4 f4 16. c5 fxg3 17. fxg3 Nf7 18. Nc4 Nc6 19. b5 Qe7 20. Kh2 Qxc5
21. Qd5 Qxd5 22. exd5 Nd4 23. Nxd4 exd4 24. Rd1 Bd7 25. b6 Bb5 26. Na3 Be2
27. Rd2 d3 28. Bxg7 Kxg7 29. Nb5 cxb6 30. Nd4 Re8 31. Ne6+ Kf6 32. Nf4 Nd6
33. Nxd3 Nc4 0-1

[Event "III Copa Roggio A"]
[Site "Asuncion PAR"]
[Date "2010.05.20"]
[Round "1"]
[White "Mareco,S"]
[Black "Rozentalis,E"]
[Result "0-1"]
[WhiteElo "2535"]
[BlackElo "2618"]
[EventDate "2010.05.20"]

1. d4 Nf6 2. c4 e6 3. Nf3 Bb4+ 4. Nbd2 b6 5. a3 Bxd2+ 6. Qxd2 Bb7 7. e3 O-O
8. Be2 d6 9. O-O Nbd7 10. b4 Ne4 11. Qc2 f5 12. Ne1 Qh4 13. f3 Ng5 14. Nd3
Rf6 15. g3 Nh3+ 16. Kg2 Rg6 17. Nf2 Nxf2 18. Rxf2 Nf6 19. Bd3 Nh5 20. Kf1
Qh3+ 21. Ke1 Nf6 22. d5 Qh5 23. dxe6 Bxf3 24. Bxf5 Re8 25. Bxg6 hxg6 26.
Kf1 Ne4 27. Kg1 Nxf2 28. Qxf2 Rxe6 29. Bb2 g5 30. Rf1 g4 31. Qd2 0-1

[Event "III Copa Roggio A"]
[Site "Asuncion PAR"]
[Date "2010.05.20"]
[Round "1"]
[White "Morovic Fernandez,I"]
[Black "Bachmann,Ax"]
[Result "1/2-1/2"]
[WhiteElo "2552"]
[BlackElo "2563"]
[EventDate "2010.05.20"]

1. Nf3 Nf6 2. c4 e6 3. g3 d5 4. Bg2 Be7 5. O-O O-O 6. b3 c5 7. Bb2 Nc6 8.
cxd5 exd5 9. d4 Ne4 10. dxc5 Bxc5 11. Nc3 Nxc3 12. Bxc3 d4 13. Bb2 Bg4 14.
Rc1 Bb6 15. h3 Bf5 16. Qd2 Qd7 1/2-1/2

[Event "III Copa Roggio A"]
[Site "Asuncion PAR"]
[Date "2010.05.21"]
[Round "2"]
[White "Rodriguez Vila,A"]
[Black "Bachmann,Ax"]
[Result "1/2-1/2"]
[WhiteElo "2502"]
[BlackElo "2563"]
[EventDate "2010.05.20"]

1. e4 c5 2. Nf3 e6 3. Qe2 Nc6 4. g3 g6 5. Bg2 Bg7 6. c3 Nge7 7. h4 h6 8.
O-O d6 9. d4 cxd4 10. cxd4 Nxd4 11. Nxd4 Bxd4 12. Rd1 Bg7 13. Nc3 O-O 14.
Be3 Nc6 15. Nb5 e5 16. Rxd6 Qa5 17. Bd2 Qb6 18. Be3 Qa5 19. Bd2 Qb6 20. Be3
1/2-1/2

[Event "III Copa Roggio A"]
[Site "Asuncion PAR"]
[Date "2010.05.21"]
[Round "2"]
[White "Rozentalis,E"]
[Black "Diaz Hollemaert,N"]
[Result "1/2-1/2"]
[WhiteElo "2618"]
[BlackElo "2451"]
[EventDate "2010.05.20"]

1. e4 c5 2. Nf3 e6 3. Nc3 a6 4. g3 b5 5. Bg2 Bb7 6. Qe2 Nc6 7. O-O d6 8. d3
Be7 9. Be3 Nf6 10. Rad1 O-O 11. a3 Qc7 12. Nb1 Rfe8 13. h3 Rac8 14. Rfe1 h6
15. c3 d5 16. Bf4 e5 17. Bc1 dxe4 18. dxe4 c4 19. Nh4 Na5 20. Nf5 Nb3 21.
Be3 Bf8 22. Nd2 Nc5 23. Bxc5 Qxc5 24. Ne3 Rcd8 25. Nd5 Nxd5 26. exd5 Bxd5
27. Ne4 Qb6 28. Rxd5 Rxd5 29. Nf6+ Qxf6 30. Bxd5 Bc5 31. Qf3 Qxf3 32. Bxf3
g6 33. Kf1 Kf8 34. Bb7 Re6 35. Bd5 Rd6 36. Rd1 Ke7 37. Ke2 f5 38. f3 h5 39.
Bb7 Rb6 40. Bc8 Bd6 41. g4 Kf6 42. gxf5 gxf5 43. h4 Be7 1/2-1/2

[Event "III Copa Roggio A"]
[Site "Asuncion PAR"]
[Date "2010.05.21"]
[Round "2"]
[White "Kropff,R"]
[Black "Zambrana,O"]
[Result "0-1"]
[WhiteElo "2300"]
[BlackElo "2504"]
[EventDate "2010.05.20"]

1. Nf3 Nf6 2. c4 e6 3. Nc3 b6 4. g3 Bb7 5. Bg2 Bb4 6. Qc2 O-O 7. O-O Na6 8.
a3 Bxc3 9. Qxc3 c5 10. b3 d5 11. e3 Qe7 12. Bb2 Rfd8 13. Rfd1 Rac8 14. cxd5
Bxd5 15. d3 Nc7 16. Rac1 Bb7 17. b4 Ncd5 18. Qb3 cxb4 19. e4 Nc3 20. Rd2
Rxd3 21. Kh1 Nfxe4 22. Rdc2 Qc5 23. axb4 Nxf2+ 24. Kg1 Qe3 25. Rxc3 Nh3+
0-1

[Event "III Copa Roggio A"]
[Site "Asuncion PAR"]
[Date "2010.05.23"]
[Round "3"]
[White "Zambrana,O"]
[Black "Rodriguez Vila,A"]
[Result "1-0"]
[WhiteElo "2504"]
[BlackElo "2502"]
[EventDate "2010.05.20"]

1. e4 c6 2. d4 d5 3. Nd2 dxe4 4. Nxe4 Nd7 5. Bd3 Ngf6 6. Ng5 e6 7. N1f3 h6
8. Nxe6 Qe7 9. O-O fxe6 10. Bg6+ Kd8 11. c4 Qb4 12. b3 Qa5 13. a3 Bd6 14.
Re1 Nf8 15. Bd2 Qc7 16. Bc2 b6 17. Ne5 Bxe5 18. dxe5 N6d7 19. Qh5 Ba6 20.
Rad1 Kc8 21. Bb4 c5 22. Bc3 Bb7 23. Qf7 Qd8 24. Re3 g6 25. Red3 Qg5 26. g3
Rh7 27. Rxd7 Rxf7 28. Rxf7 a5 29. h4 Qg4 30. Rxf8+ Kc7 31. Rf7+ Kb8 32.
Rd8+ Ka7 33. Rdd7 Ka6 34. Bd1 Qe4 35. Rxb7 a4 36. Rbd7 axb3 37. Bxb3 Qb1+
38. Bd1 Qa2 39. Kf1 Qxa3 40. Be1 1-0

[Event "III Copa Roggio A"]
[Site "Asuncion PAR"]
[Date "2010.05.23"]
[Round "3"]
[White "Mareco,S"]
[Black "Kropff,R"]
[Result "1/2-1/2"]
[WhiteElo "2535"]
[BlackElo "2300"]
[EventDate "2010.05.20"]

1. d4 Nf6 2. c4 e6 3. Nf3 d5 4. g3 dxc4 5. Bg2 a6 6. O-O b5 7. a4 Bb7 8.
axb5 axb5 9. Rxa8 Bxa8 10. Nc3 c6 11. Ne5 Qb6 12. e4 Nbd7 13. Be3 Qc7 14.
Bf4 Nxe5 15. Bxe5 Qd8 16. d5 Nd7 17. Bf4 e5 18. Be3 Bc5 19. Qg4 Bxe3 20.
Qxg7 Qf6 21. Qxf6 Nxf6 22. fxe3 Nd7 23. Na2 Nc5 24. Nb4 cxd5 25. exd5 Ke7
26. Ra1 Na4 27. Be4 Kd6 28. Rf1 Ke7 29. Ra1 1/2-1/2

[Event "III Copa Roggio A"]
[Site "Asuncion PAR"]
[Date "2010.05.23"]
[Round "3"]
[White "Morovic Fernandez,I"]
[Black "Rozentalis,E"]
[Result "1/2-1/2"]
[WhiteElo "2552"]
[BlackElo "2618"]
[EventDate "2010.05.20"]

1. Nf3 Nf6 2. g3 d5 3. Bg2 c6 4. O-O Bg4 5. d3 Nbd7 6. Nbd2 e6 7. e4 dxe4
8. dxe4 Ne5 9. Qe1 Nxf3+ 10. Nxf3 Nd7 11. Qc3 Qb6 12. Be3 Qb4 13. Qxb4 Bxb4
14. Rfd1 Nb6 15. h3 Bxf3 16. Bxf3 Nc4 17. Bc1 Rd8 18. Rxd8+ Kxd8 19. Be2
Nd6 20. Be3 Kc7 21. a3 Ba5 22. Bf4 Re8 23. Bxd6+ 1/2-1/2

[Event "III Copa Roggio A"]
[Site "Asuncion PAR"]
[Date "2010.05.24"]
[Round "4"]
[White "Rozentalis,E"]
[Black "Bachmann,Ax"]
[Result "1-0"]
[WhiteElo "2618"]
[BlackElo "2563"]
[EventDate "2010.05.20"]

1. e4 e5 2. Nf3 Nc6 3. Bb5 Bc5 4. c3 Nf6 5. d3 d6 6. O-O O-O 7. Nbd2 a6 8.
Ba4 Ba7 9. b4 Ne7 10. Re1 Ng6 11. Nf1 b5 12. Bb3 c5 13. Ng3 h6 14. h3 Re8
15. d4 exd4 16. cxd4 cxb4 17. Qd3 Be6 18. Bxe6 Rxe6 19. Bd2 Qd7 20. Bxb4
Nf4 21. Qd2 N4h5 22. d5 Nxg3 23. dxe6 Qxe6 24. Nd4 Qc4 25. Rad1 Ngxe4 26.
Qb2 a5 27. f3 axb4 28. fxe4 Bc5 29. Re2 Re8 30. Rc2 Rxe4 31. Rxc4 bxc4 32.
Kh2 c3 33. Qf2 d5 34. g3 Ne8 35. Qf5 Bxd4 36. Qxe4 dxe4 37. Rxd4 c2 38. Rc4
f5 39. Rxc2 Nf6 40. Rc5 e3 41. Rxf5 Ne4 42. Re5 Nc3 43. Rxe3 Nxa2 44. Re7
b3 45. Rb7 Nc1 46. Kg2 Kh7 47. Kf3 Nd3 48. Rxb3 Ne5+ 49. Ke4 Nd7 50. Kf5
Kg8 51. Rb7 Nf8 52. h4 Kh7 53. Rb6 g6+ 54. Kf4 Kg7 55. g4 Kf7 56. Ra6 Nd7
57. g5 hxg5+ 58. hxg5 Nc5 59. Rf6+ Kg7 60. Rc6 Nd3+ 61. Ke4 Nf2+ 62. Kf3
Nd3 63. Rc7+ Kg8 64. Ke4 Nf2+ 65. Ke5 1-0

[Event "III Copa Roggio A"]
[Site "Asuncion PAR"]
[Date "2010.05.24"]
[Round "4"]
[White "Zambrana,O"]
[Black "Mareco,S"]
[Result "0-1"]
[WhiteElo "2504"]
[BlackElo "2535"]
[EventDate "2010.05.20"]

1. e4 c5 2. Nf3 d6 3. d4 cxd4 4. Nxd4 Nf6 5. Nc3 a6 6. Bg5 Nbd7 7. f4 Qc7
8. Qe2 e6 9. O-O-O b5 10. g3 b4 11. Nd5 exd5 12. exd5+ Be7 13. Bg2 O-O 14.
Nc6 Bd8 15. Rhe1 a5 16. h3 Ba6 17. Qd2 Bb7 18. g4 Nb6 19. Nxd8 Qxd8 20. Bh4
Rc8 21. Kb1 Ne4 22. Bxe4 Qxh4 23. Qd4 Rc5 24. g5 Bxd5 25. Bd3 Nc8 26. Qe3
Be6 27. Rf1 g6 28. f5 Bxf5 29. Bxf5 Rxf5 30. Rxf5 gxf5 31. Rd4 Qh5 32. Rd5
f4 33. Qxf4 Qxh3 34. Rd1 Qe6 35. Qd4 Ne7 36. Qb6 Qe5 37. b3 Nd5 0-1

[Event "III Copa Roggio A"]
[Site "Asuncion PAR"]
[Date "2010.05.25"]
[Round "5"]
[White "Mareco,S"]
[Black "Rodriguez Vila,A"]
[Result "1/2-1/2"]
[WhiteElo "2535"]
[BlackElo "2502"]
[EventDate "2010.05.20"]

1. d4 d6 2. Nf3 Bg4 3. e4 Nf6 4. Nc3 Nbd7 5. h3 Bh5 6. Bd3 e5 7. g4 Bg6 8.
Qe2 c6 9. Bd2 Qc7 10. O-O-O a6 11. h4 h5 12. g5 Nh7 13. Rhf1 b5 14. dxe5
dxe5 15. Ne1 Bd6 16. f4 exf4 17. e5 Bxe5 18. Bxg6 fxg6 19. Qe4 O-O 20. Nd3
Rf5 21. Nd5 Bxb2+ 22. Kxb2 cxd5 23. Qe6+ Rf7 24. Rxf4 Ndf8 25. Qxd5 Rc8 26.
Nc5 Nf6 27. gxf6 Qxc5 28. Qxc5 Rxc5 29. fxg7 Rxf4 30. Bxf4 Ne6 31. Bh6 Nxg7
32. Rd8+ Kh7 33. Be3 Rc7 34. Bd4 g5 35. hxg5 Kg6 36. Rd6+ Kxg5 37. Rxa6 Nf5
38. Bf6+ Kg4 39. a4 1/2-1/2

[Event "III Copa Roggio A"]
[Site "Asuncion PAR"]
[Date "2010.05.26"]
[Round "6"]
[White "Rodriguez Vila,A"]
[Black "Rozentalis,E"]
[Result "1/2-1/2"]
[WhiteElo "2502"]
[BlackElo "2618"]
[EventDate "2010.05.20"]

1. e4 e6 2. Qe2 Nf6 3. Nf3 d5 4. e5 Nfd7 5. g3 c5 6. Bg2 Nc6 7. O-O g6 8.
c3 Bg7 9. d4 O-O 10. Be3 cxd4 11. cxd4 f6 12. exf6 Qxf6 13. Nc3 Nb6 14.
Rad1 Bd7 15. Bf4 Qe7 16. Ne5 Rae8 17. Rfe1 g5 18. Nxc6 bxc6 19. Be5 Bxe5
20. Qxe5 Nc4 21. Qe2 Qf6 22. b3 Nd6 23. Na4 Nf7 24. Nc5 Bc8 25. Bh3 Re7 26.
Rd3 e5 27. Bxc8 Rxc8 28. dxe5 Nxe5 29. Nd7 Rxd7 30. Qxe5 Rf8 31. f3 Rdf7
32. Qxf6 Rxf6 33. Kf2 Kf7 34. Rc3 Re8 35. Rxe8 Kxe8 36. Rc5 Rh6 37. Kg2 Re6
38. Kf2 Rh6 39. Kg2 Re6 40. Kf2 1/2-1/2

[Event "III Copa Roggio A"]
[Site "Asuncion PAR"]
[Date "2010.05.26"]
[Round "6"]
[White "Kropff,R"]
[Black "Bachmann,Ax"]
[Result "1/2-1/2"]
[WhiteElo "2300"]
[BlackElo "2563"]
[EventDate "2010.05.20"]

1. Nf3 Nf6 2. c4 e6 3. g3 d5 4. b3 c5 5. Bg2 Nc6 6. e3 e5 7. cxd5 Nxd5 8.
O-O e4 9. Ne1 Qf6 10. Nc3 Nxc3 11. dxc3 Bf5 12. Qe2 O-O-O 13. Bb2 Bd6 14.
f3 Qe6 15. fxe4 Bg4 16. Bf3 h5 17. Nd3 Kb8 18. c4 f6 19. Nf2 Be5 20. Bxg4
hxg4 21. Rad1 Bxb2 22. Qxb2 Ne5 23. Kg2 Rde8 24. Rd5 Nf3 25. Rh1 g6 26. Qb1
f5 27. exf5 Qxe3 28. Qd1 gxf5 29. Rxf5 Nd4 30. Rf4 Ne2 31. Qd6+ Ka8 32. Rf7
Rb8 33. Qd7 Rxh2+ 34. Rxh2 Qxg3+ 35. Kf1 Qxh2 36. Kxe2 g3 37. Qd5 g2 38.
Rxb7 Rxb7 39. Qg8+ Qb8 40. Qxg2 Qe5+ 41. Kd2 Qb2+ 42. Kd3 a5 43. Qc6 Qd4+
44. Ke2 Qb2+ 45. Kf1 Qa1+ 46. Kg2 Qg7+ 47. Kf1 Qa1+ 48. Kg2 Qd4 49. Ne4 Kb8
50. Qd6+ Qxd6 51. Nxd6 Re7 52. Kf3 Kc7 53. Ne4 Kb6 54. a4 Rh7 55. Nd2 Rh3+
56. Ke2 Rc3 57. Kd1 Kc7 58. Ke2 Kc8 59. Kd1 Kd8 60. Ke2 Ke7 61. Kd1 Kf7 62.
Ne4 Rxb3 63. Kc2 Rb4 64. Kc3 Rxa4 65. Nxc5 Ra3+ 66. Kb2 Re3 67. Nb7 a4 68.
Nc5 a3+ 69. Ka2 Rc3 70. Ne4 Rd3 71. Nc5 Rd4 72. Kxa3 Rxc4 73. Nb3 Ke6 74.
Kb2 Kd5 75. Nd2 Rc8 76. Nb3 Kc4 77. Nd2+ Kd3 78. Nb3 Rb8 79. Ka3 Kc3 80.
Na5 Rb1 81. Ka4 Rb4+ 82. Ka3 Rh4 83. Nb3 Rh1 84. Ka4 Rh4+ 85. Ka3 Kc4 86.
Nd2+ Kd3 87. Nb3 Kc3 88. Na5 Rb4 89. Nc6 Rb1 90. Ka4 Rb6 91. Na5 Rb4+ 92.
Ka3 Rf4 93. Nb3 Rf8 94. Na5 Rb8 95. Ka4 Rb1 96. Nc6 1/2-1/2

[Event "III Copa Roggio A"]
[Site "Asuncion PAR"]
[Date "2010.05.26"]
[Round "6"]
[White "Zambrana,O"]
[Black "Morovic Fernandez,I"]
[Result "0-1"]
[WhiteElo "2504"]
[BlackElo "2552"]
[EventDate "2010.05.20"]

1. e4 d6 2. d4 Nf6 3. Nc3 g6 4. f4 Bg7 5. Nf3 c5 6. Bb5+ Bd7 7. Bxd7+ Nfxd7
8. d5 O-O 9. O-O Na6 10. Qe2 Qb6 11. Kh1 Nc7 12. Qf2 f5 13. Qh4 Nf6 14.
exf5 gxf5 15. Rd1 Qa6 16. Qg3 b5 17. Nh4 Qc8 18. Qf3 e6 19. dxe6 Qxe6 20.
Be3 b4 21. Na4 Ne4 22. Bg1 Kh8 23. Rac1 Rae8 24. c4 Bf6 25. Qh5 Bxh4 26.
Qxh4 Rf6 27. Rd3 Rh6 28. Qe1 Rg8 29. a3 Rhg6 30. g3 Qe8 31. axb4 Qc6 0-1

[Event "III Copa Roggio A"]
[Site "Asuncion PAR"]
[Date "2010.05.26"]
[Round "6"]
[White "Mareco,S"]
[Black "Diaz Hollemaert,N"]
[Result "0-1"]
[WhiteElo "2535"]
[BlackElo "2451"]
[EventDate "2010.05.20"]

1. d4 d5 2. c4 c6 3. Nf3 Nf6 4. Nc3 g6 5. e3 Bg7 6. h3 O-O 7. Bd3 Nbd7 8.
O-O b6 9. e4 dxe4 10. Nxe4 Bb7 11. Re1 Qc7 12. Nxf6+ Bxf6 13. Bg5 Rfe8 14.
Qd2 Rad8 15. Rad1 Bxg5 16. Qxg5 Nf6 17. Rd2 Kg7 18. Bc2 h6 19. Qe5 Qxe5 20.
dxe5 Rxd2 21. Nxd2 Nh7 22. h4 Rd8 23. Nf1 c5 24. e6 f5 25. h5 Ng5 26. hxg6
f4 27. f3 Kf6 28. Kf2 Bc6 29. g3 Nxf3 30. Rc1 Nd4 31. gxf4 Nxc2 32. Rxc2
Rd4 33. Kg3 Kxg6 34. Ne3 Rd3 35. Kf2 Kf6 36. Ng4+ Kxe6 37. Re2+ Kd6 38. Ne5
Rh3 39. Ke1 Be8 40. Rd2+ Kc7 41. Rg2 Rh4 42. Rf2 Kd6 43. Kd2 Ke6 44. Re2
Kf6 45. Nd3 Bg6 46. Ne5 Bf5 47. Nc6 Rxf4 48. Rxe7 Rxc4 49. Rxa7 Rc2+ 0-1

[Event "III Copa Roggio A"]
[Site "Asuncion PAR"]
[Date "2010.05.27"]
[Round "7"]
[White "Diaz Hollemaert,N"]
[Black "Rodriguez Vila,A"]
[Result "1-0"]
[WhiteElo "2451"]
[BlackElo "2502"]
[EventDate "2010.05.20"]

1. c4 d6 2. Nc3 g6 3. d4 Bg7 4. e4 e5 5. Nf3 Nc6 6. d5 Nce7 7. Bd3 h6 8. h4
Nf6 9. Nh2 c5 10. g4 a6 11. f3 h5 12. g5 Nh7 13. Be3 O-O 14. Qd2 f5 15. a3
fxe4 16. fxe4 Bh3 17. Kd1 Qd7 18. Kc2 Rf7 19. b4 b5 20. bxc5 dxc5 21. cxb5
Nc8 22. a4 Nd6 23. b6 a5 24. Rhg1 Raf8 25. Kc1 Rf4 26. Qe1 c4 27. Bc2 Qe7
28. Bc5 Rc8 29. Ba3 Qd7 30. Qg3 Nb7 31. Nf3 Bg4 32. Nd2 Bf8 33. Bxf8 Nxf8
34. Rf1 Qg7 35. Ra3 Nc5 36. Rxf4 exf4 37. Qxf4 Nb3+ 38. Kb2 Nxd2 39. Qxd2
Nd7 40. b7 Rb8 41. Ka2 Nc5 42. Nb5 Nxb7 43. Qd4 Qd7 44. e5 Rd8 45. Be4 Bf5
46. e6 Bxe6 47. dxe6 Qxe6 48. Qe3 Nc5 49. Nc3 Nxe4 50. Qxe4 Rd2+ 51. Ka1
Qb6 52. Qxc4+ Kg7 53. Rb3 1-0

[Event "III Copa Roggio A"]
[Site "Asuncion PAR"]
[Date "2010.05.27"]
[Round "7"]
[White "Morovic Fernandez,I"]
[Black "Mareco,S"]
[Result "1-0"]
[WhiteElo "2552"]
[BlackElo "2535"]
[EventDate "2010.05.20"]

1. d4 Nf6 2. Nf3 e6 3. g3 b5 4. Bg2 Bb7 5. O-O c5 6. c3 d5 7. a4 b4 8. a5
bxc3 9. Nxc3 a6 10. Bg5 Nbd7 11. Ne5 Be7 12. Bxf6 Nxf6 13. Na4 Qxa5 14.
Nxc5 Qb5 15. Nxb7 Qxb7 16. Qa4+ Kf8 17. Qc6 Qa7 18. Ra4 g6 19. Rfa1 Kg7 20.
Rxa6 Qxd4 21. Rxa8 Rxa8 22. Rxa8 Qxe5 23. Ra7 Ng8 24. Ra8 Nf6 25. Ra7 Ng8
26. Qe8 Qd6 27. h4 h5 28. Rb7 Qc5 29. b4 Qc1+ 30. Bf1 1-0

[Event "III Copa Roggio A"]
[Site "Asuncion PAR"]
[Date "2010.05.28"]
[Round "8"]
[White "Kropff,R"]
[Black "Rozentalis,E"]
[Result "0-1"]
[WhiteElo "2300"]
[BlackElo "2618"]
[EventDate "2010.05.20"]

1. Nf3 d5 2. d4 Bg4 3. c4 Nc6 4. cxd5 Bxf3 5. gxf3 Qxd5 6. e3 e5 7. Nc3 Bb4
8. Bd2 Bxc3 9. bxc3 Nf6 10. Be2 O-O 11. Qa4 Rfe8 12. Rb1 exd4 13. cxd4 Rad8
14. Kf1 Qf5 15. Rb3 Qc2 16. Ke1 a6 17. Bd3 Rxd4 18. Bxc2 Rxa4 19. Rb2 Ra3
20. Rxb7 Nd4 21. Bd1 Nd5 22. Rb2 Nf4 23. Bb4 Nd3+ 24. Kf1 Nxb2 25. Bxa3
Nxd1 26. exd4 Nc3 27. Bc5 Nxa2 28. Kg2 Nc3 29. Ra1 Re6 30. Ra3 Nd5 31. Rb3
g5 32. Rb8+ Kg7 33. Rd8 Nf4+ 34. Kf1 Re2 35. Rd7 Ra2 36. Ke1 Nd3+ 37. Kf1
Rxf2+ 38. Kg1 Rxf3 39. Rxc7 Nxc5 40. dxc5 h5 41. c6 Rc3 42. Kg2 h4 0-1

[Event "III Copa Roggio A"]
[Site "Asuncion PAR"]
[Date "2010.05.28"]
[Round "8"]
[White "Mareco,S"]
[Black "Bachmann,Ax"]
[Result "1-0"]
[WhiteElo "2535"]
[BlackElo "2563"]
[EventDate "2010.05.20"]

1. d4 Nf6 2. c4 e6 3. Nf3 c5 4. d5 b5 5. dxe6 fxe6 6. cxb5 d5 7. g3 Bd6 8.
Bg2 a6 9. bxa6 Bxa6 10. O-O O-O 11. Nc3 Nbd7 12. Ng5 Qe7 13. Bh3 Kh8 14.
Re1 h6 15. Nxe6 d4 16. Nxf8 Rxf8 17. Na4 Ne5 18. f4 Ne4 19. Bg2 Ng4 20. e3
Ngf2 21. Qf3 d3 22. Rf1 d2 23. Rxf2 dxc1=Q+ 24. Rxc1 Nxf2 25. Kxf2 Rb8 26.
Qe4 Qf6 27. Rc2 Bf8 28. Qc6 Rb4 29. Qxf6 gxf6 30. Nc3 Kg7 31. Nd5 Ra4 32.
b3 Ra3 33. Bf1 Bb7 34. Nc3 f5 35. Rd2 Kg6 36. Bc4 Bc6 37. Bd5 Bxd5 38. Nxd5
Ra5 39. Nb6 Kf6 40. Nc4 Ra7 41. Kf3 1-0

[Event "III Copa Roggio A"]
[Site "Asuncion PAR"]
[Date "2010.05.29"]
[Round "9"]
[White "Morovic Fernandez,I"]
[Black "Rodriguez Vila,A"]
[Result "1/2-1/2"]
[WhiteElo "2552"]
[BlackElo "2502"]
[EventDate "2010.05.20"]

1. Nf3 c5 2. c4 e6 3. g3 b6 4. Bg2 Bb7 5. O-O Nf6 6. b3 Be7 7. Bb2 O-O 8.
Nc3 d5 9. e3 dxc4 10. bxc4 Nc6 11. Qe2 a6 12. Rfd1 Qc7 13. Ne1 Na5 14. f4
Bxg2 15. Kxg2 Rfd8 16. Nf3 Qb7 1/2-1/2

[Event "III Copa Roggio A"]
[Site "Asuncion PAR"]
[Date "2010.05.29"]
[Round "9"]
[White "Rozentalis,E"]
[Black "Zambrana,O"]
[Result "1/2-1/2"]
[WhiteElo "2618"]
[BlackElo "2504"]
[EventDate "2010.05.20"]

1. e4 c5 2. Nf3 Nc6 3. Bb5 e6 4. O-O Nge7 5. d4 cxd4 6. Nxd4 Qb6 7. Nxc6
Nxc6 8. a4 Be7 9. Be3 Qc7 10. Nc3 O-O 11. f4 d6 12. Bd3 a6 13. Qf3 Bd7 14.
Qg3 Kh8 15. Rae1 Rae8 16. Kh1 Nb4 17. Bd4 1/2-1/2